000 00819nam a22002177a 4500
005 20210921134350.0
008 190819b mx ||||| |||| 00| 0 spa d
020 _a9707018224
050 0 4 _aK3253
_bV55 2006
100 1 _aVillanueva, Ernesto
_eautor
245 1 0 _aDerecho de acceso a la información en el mundo
_c/ Ernesto Villanueva
250 _a1a ed.
260 _aMéxico :
_bH. Cámara de Diputados, XIL Legislatura :
_bUniversidad Nacional Autónoma de México :
_bInstituto de Investigaciones Jurídicas :
_bMiguel Ángel Porrúa,
_c2006.
300 _a270 p. :
_bil. ;
_c23 cm.
490 0 _aConocer para decidir
504 _aIncluye bibliografía
650 7 _2lemb
_aLibertad de información
650 7 _2lemb
_aLibertad de expresión
650 7 _2lemb
_aPrensa
_xLegislación
942 _2lcc
_cLIB
999 _c126602
_d126602